000 00659nam a2200217Ia 4500
005 20250923150007.0
008 008 250917s9999 xx 000 0 eng d
037 _aTextual
040 _aDSWL
_beng
_cDSWL
041 _aeng
_2eng
084 _aY:435:6x44Q72, N92
_qDSWL
100 _aDodge, Hameeda
_9841078
245 0 _aFrom Crisis to Development coping with Disasters in Bangladesh
_c by Hameeda Dodge
260 _aDhaka
_bUniversity Press
_c1992
300 _axviii,398 p.
365 _aINR
_b360.00
700 _a F.H. Abed
_9841079
925 _g360.00
942 _cTEXL
_hY:435:6x44Q72, N92
999 _c1458262
_d1458262